000 00415nam a2200157 i 4500
001 bg
100 1 _aFOK, V. A.
245 0 _aProblemy diffrakcii rasprostranenija elektromagnitnych voln /
_cV. A. Fok.
260 _aMoskva :
_b"Sovetskoe Radio",
_c1970.
300 _as. 517 :
_bilustr.
040 _cBPK
041 _apol
080 _a535.4:621.371
942 _cKS
008 s pl f |000 0 pol
999 _c14002
_d14002
856 _uhttp://koha.tu.koszalin.pl/cgi-bin/koha/opac-detail.pl?biblionumber=14002
_yKatalog online BPK